00550nam a2200181Ia 4500008004000000041000800040082001200048100001300060245003200073260002600105650001700131650001900148690002200167700001300189906001100202999001900213952013600232210210b1964 xxu||||| |||| 00| 0 eng d aeng a320/460 aPFIFFNER aAdministrative organization abNot Mentionedc1964 aorganization aAdministrative aPolitical Science aSHERWOOD a003104 c118439d118439 001040748Political ScienceaALbALcPolitical Scienced2021-02-17g0.00l0o320/460p003104r2021-02-17 00:00:00w2021-02-17yBK